Word 7 pro Windows 95 : Kompletní kapesní průvodce /

Na minha lista:
Detalhes bibliográficos
Main Authors: Kost, Rudi (Author), Steiner, Josef (Author), Valentin, Robert (Author)
Formato: Livro
Idioma:tcheco
Publicado em: Praha : Grada Publishing, 1996
Edição:1.vyd.
Assuntos:
Tags: Adicionar Tag
Sem tags, seja o primeiro a adicionar uma tag!

MARC

LEADER 00000nam a22000003a 4500
001 stu9151
005 20200917114408.5
008 960814s1996----xr------------------cze-d
020 |a 80-7169-306-5 
040 |a STU  |b slo 
041 0 |a cze 
044 |a xr 
080 |a 681.32.06 
080 |a WINDOWS 
080 |a 519.68 
100 1 |a Kost, Rudi  |4 aut 
245 1 |a Word 7 pro Windows 95 :  |b Kompletní kapesní průvodce /  |c [aut.] Kost,Rudi; Steiner,Josef; Valentin,Robert 
250 |a 1.vyd. 
260 |a Praha :  |b Grada Publishing,  |c 1996 
300 |a 452 s 
650 7 |a textové editory  |2 stusub 
700 1 |a Steiner, Josef  |4 aut 
700 1 |a Valentin, Robert  |4 aut 
996 |b 284EK82408  |c E*81317  |l EE01  |s A  |a 24  |w stu9151_0001